All 100k+ Cities in China on a Map - Statistics

General Stats
  • This quiz has been taken 1,507 times
    1,185 since last reset
  • The average score is 91 of 1587
Answers on the Map
Answers color-coded by a green-red scale on the quiz's map according to % correct below.
 
Answer Stats
Province City Population % Correct
BJ Bĕijīng 18,960,744
90%
SH Shànghăi 21,909,814
89%
HE Gù'ān 342,159
83%
GD Guăngzhōu 16,096,724
83%
HK Hong Kong 7,413,070
81%
CQ Chóngqìng 9,580,819
79%
GD Shēnzhèn 17,444,609
79%
SN Xī'ān 9,392,938
79%
SC Chéngdū 13,568,357
77%
HB Wŭhàn 10,494,879
76%
TJ Tiānjīn 11,052,404
74%
XJ Ürümqi 3,842,560
74%
HL Hā'ĕrbīn 5,242,897
72%
MC Macau 682,070
68%
JS Nánjīng 7,519,814
67%
SD Qīngdăo 6,165,279
64%
XZ Lhasa 568,927
63%
FJ Nánjìng 162,029
63%
FJ Xiàmén 4,617,251
63%
ZJ Hángzhōu 9,236,032
62%
GZ Dàlĭ 549,189
61%
SN Dàlì 248,343
61%
GZ Kūnmíng 5,273,144
60%
FJ Fúzhōu 3,723,454
59%
JX Fŭzhōu 663,329
59%
LN Dàlián 4,913,879
58%
LN Shĕnyáng 7,026,358
58%
HU Chángshā 5,630,256
56%
HU Chángshā 1,024,407
56%
AH Héféi 5,055,978
54%
GX Nánníng 4,582,703
52%
SD Jìnán 5,648,162
50%
JS Sūzhōu 5,892,892
50%
AH Sùzhōu 920,722
50%
HA Zhèngzhōu 6,461,013
50%
HI Hăikŏu 2,349,239
48%
GS Lánzhōu 3,012,577
46%
ZJ Níngbō 3,731,203
46%
JL Chángchūn 4,557,356
45%
GD Shàntóu 3,838,900
44%
NM Hūhéhàotè 2,373,399
43%
JL Jílín 1,509,292
43%
HE Shíjiāzhuāng 5,090,440
43%
ZJ Wēnzhōu 2,582,017
43%
GD Dōngguān 9,644,871
42%
GZ Guìyáng 4,021,275
41%
HU Guìyáng 382,199
41%
GD Fóshān 9,042,509
40%
SX Tàiyuán 4,303,673
40%
JS Wúxī 3,956,985
39%
CQ Wūxī 156,732
39%
JX Jí'ān 467,617
37%
JX Jí'ān 249,544
37%
SD Zībó 2,750,312
36%
JX Nánchāng 3,518,975
35%
JX Nánchāng 916,463
35%
GX Guìlín 1,361,244
34%
GD Huìzhōu 2,900,113
34%
NM Bāotóu 2,104,114
33%
AH Huáinán 1,255,619
33%
HA Luòyáng 2,230,661
32%
HL Qíqíhā'ĕr 1,029,522
32%
QH Xīníng 1,677,177
32%
HU Xīnníng 235,603
32%
SD Yāntái 2,311,885
32%
LN Ānshān 1,480,332
30%
XJ Kaxgar 392,730
30%
JS Xúzhōu 2,845,552
30%
NX Yínchuān 1,662,968
30%
GD Zhūhăi 2,207,090
30%
JS Chángzhōu 3,187,315
29%
JS Nántōng 2,987,600
29%
ZJ Táizhōu 1,485,502
29%
JS Tàizhōu 1,348,327
29%
SD Línyí 2,743,843
28%
SX Línyī 191,540
28%
SD Línyì 179,097
28%
SD Wéifāng 1,998,405
28%
JS Yángzhōu 2,067,254
28%
HI Sānyà 724,854
27%
HE Tángshān 2,549,968
27%
TJ Băodí 309,040
26%
HE Băodìng 1,940,384
26%
HA Kāifēng 1,193,802
26%
GD Màomíng 1,307,802
26%
FJ Quánzhōu 1,469,157
26%
GX Quánzhōu 214,979
26%
SD Wēihăi 1,339,645
26%
JS Huái'ān 1,804,611
25%
GX Liŭzhōu 2,204,841
25%
GD Zhōngshān 3,841,873
25%
GX Zhōngshān 155,076
25%
SX Dàtóng 1,809,505
24%
QH Dàtōng 205,729
24%
AH Wānzhǐ 241,358
24%
AH Wúhú 1,598,165
24%
HA Ānyáng 1,187,772
23%
HA Ānyáng 335,818
23%
HL Dàqìng 1,604,027
23%
HE Hándān 2,095,134
23%
FJ Zhāngzhōu 845,286
23%
GD Zhànjiāng 1,400,709
23%
ZJ Húzhōu 1,083,953
22%
SC Lúzhōu 1,128,479
22%
JX Gànzhōu 1,778,132
21%
GD Jiāngmén 1,795,459
21%
SD Jìníng 1,700,054
21%
LN Jĭnzhōu 1,021,478
21%
HE Jìnzhōu 238,153
21%
FJ Pútián 1,539,389
21%
NM Wūlánchábù 394,269
21%
HE Zhāngjiākŏu 1,339,384
21%
LN Dāndōng 748,983
20%
HE Qínhuángdăo 1,520,199
20%
ZJ Shàoxīng 2,333,080
20%
GX Wúzhōu 665,910
20%
HU Chángdé 1,100,719
19%
NM È'ĕrduōsī 671,048
19%
HL Hēihé 189,471
19%
HA Nányáng 1,407,616
19%
SD Tài'ān 1,416,591
19%
LN Tái'ān 143,744
19%
HU Xiāngyīn 309,110
19%
SN Băojī 1,107,702
18%
GX Bĕihăi 651,091
18%
AH Bèngbù 1,077,704
18%
HE Cāngzhōu 759,403
18%
GD Cháozhōu 1,254,007
18%
XJ Kumul 426,072
18%
SC Miányáng 1,549,499
18%
SC Nánchōng 1,254,455
18%
GD Qīngyuăn 1,197,581
18%
LN Qīngyuán 119,968
18%
SD Rìzhào 1,147,175
18%
JS Yánchéng 1,353,475
18%
ZJ Yìwū 1,481,384
18%
HU Zhūzhōu 1,510,148
18%
GZ Zūnyì 1,675,245
18%
ZJ Cíxī 1,457,510
17%
SC Dázhōu 1,135,817
17%
SD Dézhōu 843,372
17%
HU Héngyáng 1,185,130
17%
HU Héngyáng 388,569
17%
SN Xiányáng 1,192,776
17%
HB Yíchāng 1,284,305
17%
GX Yùlín 877,561
17%
SN Yúlín 728,791
17%
HE Chéngdé 604,354
16%
HE Chéngdé 146,317
16%
AH Fùyáng 1,191,810
16%
JS Liányúngăng 1,071,019
16%
GZ Lìjiāng 238,828
16%
AH Lù'ān 1,069,940
16%
AH Mă'ānshān 784,608
16%
SX Píngdìng 155,929
16%
CQ Wànzhōu 1,078,149
16%
HB Xiāngyáng 1,686,403
16%
HU Yuèyáng 1,125,448
16%
HU Yuèyáng 300,315
16%
JS Zhènjiāng 1,123,813
16%
XJ Aksu 470,601
15%
NM Hūlúnbèi'ĕr 354,442
15%
ZJ Jiāxīng 1,188,321
15%
JS Jīnhú 177,633
15%
HA Píngdĭngshān 1,045,966
15%
HA Xīnxiàn 144,197
15%
XJ Altay 147,301
14%
SD Bīnzhōu 646,461
14%
SN Bīnzhōu 160,298
14%
NM Chìfēng 1,093,068
14%
SD Hézé 1,293,767
14%
XJ Hotan 293,056
14%
AH Huáibĕi 830,891
14%
LN Húlúdăo 764,241
14%
HB Jīngzhōu 950,215
14%
HU Jìngzhōu 120,761
14%
ZJ Jīnhuá 1,040,948
14%
HL Jīxī 626,019
14%
HE Lángfāng 886,490
14%
SC Lèshān 802,817
14%
SX Línfén 696,393
14%
JX Shàngráo 1,342,220
14%
JS Sùqiān 1,081,559
14%
HE Xíngtái 1,480,754
14%
HA Xīnxiāng 1,271,350
14%
HA Xīnxiāng 199,093
14%
HA Xìnyáng 1,014,843
14%
HU Zhāngjiājiè 364,219
14%
GD Zhàoqìng 1,035,810
14%
AH Ānqìng 728,501
13%
LN Bĕnxī 808,221
13%
LN Bĕnxī 139,319
13%
SC Déyáng 608,859
13%
HB Èzhōu 715,268
13%
JS Jiāngyīn 1,331,352
13%
HL Mŭdānjiāng 808,216
13%
ZJ Qúzhōu 576,688
13%
HE Qŭzhōu 244,750
13%
HA Shāngqiū 1,031,123
13%
SN Yán'ān 488,216
13%
SC Yíbīn 1,100,737
13%
SD Zăozhuāng 1,349,883
13%
ZJ Zhōushān 645,653
13%
LN Fŭshùn 1,228,890
12%
SC Fùshùn 305,613
12%
HA Jiāozuò 874,733
12%
GD Jiēyáng 1,242,906
12%
XJ Karamay 332,474
12%
FJ Níngdé 425,499
12%
HA Púyáng 824,397
12%
HA Púyáng 418,131
12%
GD Shànwĕi 345,373
12%
GD Sháoguān 803,375
12%
LN Yíngkŏu 592,575
12%
AH Bózhōu 750,569
11%
JS Chángshú 1,230,599
11%
AH Chúzhōu 648,861
11%
SD Dōngyíng 961,300
11%
HE Héngshuĭ 885,468
11%
HL Jiāmùsī 698,557
11%
SD Liáochéng 1,020,430
11%
LN Liáoyáng 764,504
11%
LN Liáoyáng 121,499
11%
GD Méizhōu 694,495
11%
GZ Pŭ'ĕr 327,733
11%
HU Xiāngtán 978,000
11%
HU Xiāngtán 357,475
11%
HA Xŭchāng 850,403
11%
HA Zhōukŏu 523,001
11%
SC Zìgòng 868,565
11%
SX Chángzhì 1,047,461
10%
HU Chēnzhōu 819,883
10%
HB Ēnshī 492,268
10%
AH Huángshān 418,990
10%
HB Huángshí 695,894
10%
JX Jiŭjiāng 957,424
10%
GS Jiǔquán 327,492
10%
GZ Liùpánshuĭ 606,797
10%
HE Nánpí 137,293
10%
FJ Nánpíng 327,596
10%
LN Pánjĭn 980,422
10%
ZJ Sānmén 202,924
10%
HB Shíyàn 954,914
10%
SD Téngzhōu 937,438
10%
NM Tōngliáo 647,938
10%
GD Yángjiāng 859,595
10%
JS Zhāngjiāgăng 1,055,893
10%
HA Zhùmădiàn 754,320
10%
JX Dé'ān 110,922
9%
LN Fùxīn 699,855
9%
LN Fùxīn 146,325
9%
GX Guìgăng 921,440
9%
SN Hànzhōng 673,476
9%
HB Huánggāng 367,610
9%
JX Jĭngdézhèn 540,820
9%
JS Kūnshān 1,652,159
9%
JL Líshù 193,144
9%
SC Pānzhīhuā 686,063
9%
SD Qīngzhōu 534,528
9%
GX Qīnzhōu 771,052
9%
GZ Qŭjìng 976,161
9%
XJ Turpan 143,456
9%
GS Wŭwēi 467,726
9%
AH Wúwéi 417,265
9%
SX Xīnzhōu 384,424
9%
SC Yă'ān 343,062
9%
JL Yánjí 630,612
9%
JX Yíchūn 737,782
9%
HL Yīchūn 331,640
9%
ZJ Cāngnán 575,197
8%
LN Cháoyáng 580,995
8%
JL Dūnhuà 241,929
8%
GS Dūnhuáng 129,853
8%
QH Gé'ĕrmù 197,153
8%
HL Hègăng 514,826
8%
GX Hèzhōu 560,686
8%
FJ Jìnjiāng 1,416,151
8%
ZJ Lìshuĭ 429,633
8%
JS Lìshuĭ 322,830
8%
HA Luòhé 807,745
8%
JX Píngxiāng 733,839
8%
HE Píngxiāng 177,125
8%
ZJ Ruì'ān 1,012,731
8%
FJ Sānmíng 378,423
8%
SN Shāngluò 228,426
8%
GD Táishān 433,266
8%
GS Tiānshuĭ 752,900
8%
NM Wūhăi 530,877
8%
AH Yuèxī 124,212
8%
SX Yùnchéng 692,003
8%
SD Yùnchéng 536,351
8%
GZ Yùxī 426,993
8%
SN Ānkāng 514,068
7%
GX Băisè 337,516
7%
SC Bāzhōng 608,152
7%
GZ Bìjié 695,174
7%
AH Chízhōu 417,336
7%
HI Dānzhōu 452,158
7%
HA Fāngchéng 381,945
7%
GX Fángchénggăng 416,752
7%
FJ Fúqīng 744,774
7%
SC Guănghàn 368,933
7%
SC Guăngyuán 556,842
7%
HA Hèbì 571,043
7%
HU Huáihuà 583,156
7%
GD Huàzhōu 472,746
7%
SN Huázhōu 134,529
7%
HB Jiāyú 152,445
7%
HB Jīngmén 628,028
7%
TJ Jìzhōu 382,996
7%
SX Lǚliáng 335,285
7%
FJ Lóngyán 722,334
7%
GZ Lùliáng 234,000
7%
SC Méishān 732,757
7%
SC Nèijiāng 683,732
7%
SD Qŭfù 395,524
7%
HU Shàoyáng 703,612
7%
HU Shàoyáng 339,664
7%
HL Shuāngyāshān 388,847
7%
SC Suìníng 829,356
7%
JS Suīníng 614,577
7%
HU Suíníng 117,185
7%
NM Xīlínhàotè 327,112
7%
HE Xīnjí 368,208
7%
JS Xīnyí 549,911
7%
GD Xìnyí 418,731
7%
HU Yìyáng 758,408
7%
HA Yíyáng 270,333
7%
JX Yìyáng 171,504
7%
GD Yúnfú 380,044
7%
SC Zīyáng 462,287
7%
SN Zĭyáng 113,893
7%
GZ Ānshùn 513,850
6%
GZ Băoshān 378,240
6%
HE Bàzhōu 455,923
6%
HA Dèngzhōu 534,993
6%
HE Dìngzhōu 577,440
6%
GD Ēnpíng 251,742
6%
GD Gāozhōu 490,301
6%
SC Guăng'ān 485,180
6%
GD Héyuán 662,950
6%
GS Jiāyùguān 295,257
6%
SX Jìnchéng 574,665
6%
SX Jìnzhōng 716,222
6%
XJ Korla 490,961
6%
HA Línzhōu 539,951
6%
HU Liúyáng 886,257
6%
GS Lŏngnán 243,502
6%
JX Lóngnán 205,197
6%
HU Lóudĭ 588,317
6%
NM Mănzhōulĭ 234,932
6%
JS Pīzhōu 850,815
6%
GD Pŭníng 935,668
6%
GS Qìngyáng 318,298
6%
AH Qīngyáng 128,607
6%
XJ Qítái 114,985
6%
HL Qītáihé 426,065
6%
JS Rúgāo 761,879
6%
HE Shēnzhōu 197,414
6%
HB Suízhōu 526,606
6%
HL Tiĕlì 173,360
6%
AH Tónglíng 626,040
6%
GZ Tóngrén 423,078
6%
HI Wénchāng 341,862
6%
ZJ Wēnlĭng 920,913
6%
HL Wŭcháng 256,842
6%
HB Xiánníng 480,879
6%
HB Xiàogăn 742,452
6%
SC Xīchāng 636,367
6%
AH Xuānchéng 442,841
6%
JS Yíxīng 889,871
6%
GX Yízhōu 235,908
6%
HU Yŏngzhōu 694,392
6%
GS Zhāngyè 278,092
6%
NX Zhōngwèi 249,307
6%
JL Báichéng 372,519
5%
JL Báishān 391,234
5%
HL Bāyàn 135,099
5%
XJ Chāngjí 451,234
5%
SH Chóngmíng 299,566
5%
GX Chóngzuǒ 265,077
5%
JS Dānyáng 792,584
5%
GS Dìngxī 222,386
5%
SC Éméishān 252,682
5%
XJ Gulja 654,726
5%
NX Gùyuán 267,810
5%
ZJ Hăiyán 297,920
5%
GX Héchí 268,122
5%
SC Jiănyáng 591,224
5%
FJ Jiànyáng 209,876
5%
JS Jìngjiāng 453,970
5%
GX Láibīn 531,511
5%
SD Láiwú 761,440
5%
SD Láizhōu 450,375
5%
GD Léizhōu 412,291
5%
HA Lŭshān 256,935
5%
JX Lúshān 139,355
5%
GZ Máng 216,426
5%
FJ Nán'ān 936,897
5%
JS Qĭdōng 580,157
5%
HU Qídōng 321,182
5%
SD Róngchéng 448,370
5%
HE Róngchéng 145,215
5%
HA Sānménxiá 449,328
5%
XJ Shíhézi 461,663
5%
SX Shuòzhōu 477,035
5%
JL Sìpíng 485,710
5%
JL Sōngyuán 551,749
5%
HL Suíhuà 355,700
5%
XJ Tăchéng 122,447
5%
JS Tàixīng 619,033
5%
LN Tiĕlĭng 361,798
5%
LN Tiĕlĭng 120,353
5%
JL Tōnghuà 408,403
5%
HI Wànníng 225,608
5%
SN Wèinán 508,065
5%
NX Wúzhōng 400,677
5%
HA Xíngyáng 424,072
5%
JX Xīnyú 717,107
5%
SX Yángquán 647,272
5%
XJ Yarkant 283,622
5%
ZJ Yúyáo 1,013,866
5%
HA Yŭzhōu 565,152
5%
GZ Zhāotōng 589,260
5%
SD Zhūchéng 679,204
5%
ZJ Zhūjì 762,917
5%
HE Ānpíng 191,674
4%
NM Bāyànnào'ĕr 413,117
4%
SC Chóngzhōu 391,259
4%
JL Dà'ān 136,823
4%
HI Dōngfāng 257,936
4%
FJ Dōngshān 141,511
4%
SC Dūjiāngyàn 436,619
4%
HL Fùjĭn 240,925
4%
SN Fùpíng 276,070
4%
HE Fùpíng 100,321
4%
JS Hăi'ān 601,165
4%
GS Jīnchāng 237,927
4%
JX Lè'ān 152,590
4%
GD Liánzhōu 176,572
4%
JL Liáoyuán 407,296
4%
HE Línxī 141,043
4%
NM Línxī 109,890
4%
SD Lóngkŏu 516,205
4%
SC Nánxī 189,818
4%
SC Péngzhōu 383,409
4%
GS Píngliáng 332,399
4%
HI Qiónghăi 262,524
4%
GZ Ruìlì 208,658
4%
NX Shízuĭshān 422,043
4%
JS Tàicāng 586,830
4%
HA Tàikāng 468,046
4%
HB Tiānmén 502,908
4%
SN Tóngchuān 417,324
4%
LN Wăfángdiàn 454,388
4%
HE Wújí 186,172
4%
NM Wūlánhàotè 318,009
4%
ZJ Wŭyì 287,898
4%
HE Wŭyì 122,183
4%
SX Xīnjiàng 115,090
4%
JX Yīngtán 276,548
4%
ZJ Yŏngkāng 638,563
4%
SD Zōuchéng 755,941
4%
NM Ālāshàn Zuŏ 167,103
3%
HL Āndá 196,645
3%
FJ Ānxī 498,061
3%
XJ Aral 239,647
3%
GS Báiyín 306,599
3%
LN Bĕizhèn 152,033
3%
XJ Bortala 177,536
3%
HB Chìbì 289,798
3%
GZ Chŭxióng 426,823
3%
GX Dàxīn 101,841
3%
CQ Dàzú 505,131
3%
JS Dōnghăi 506,989
3%
ZJ Dōngyáng 738,721
3%
JX Fēngchéng 501,475
3%
LN Fèngchéng 252,921
3%
HE Fēngfēng 327,532
3%
JS Fēngxiàn 504,761
3%
CQ Fúlíng 801,151
3%
HE Gāobēidiàn 459,369
3%
SD Gāomì 552,844
3%
GX Guìpíng 652,210
3%
LN Hăichéng 680,033
3%
ZJ Hăiníng 752,775
3%
SD Hăiyáng 293,099
3%
CQ Héchuān 795,780
3%
GD Hèshān 334,432
3%
FJ Huì'ān 584,053
3%
HL Hŭlín 184,294
3%
SC Jiāngyóu 387,892
3%
SD Jiāozhōu 613,996
3%
GD Jiēxī 209,233
3%
GZ Jĭnghóng 358,517
3%
HA Jìyuán 490,682
3%
JS Jùróng 412,996
3%
GD Kāipíng 430,035
3%
CQ Kāizhōu 608,485
3%
XJ Kuqa 262,771
3%
XJ Kuytun 224,471
3%
SD Láixī 389,242
3%
SD Láiyáng 425,631
3%
GZ Líncāng 211,878
3%
GS Línxià 315,082
3%
JS Lìyáng 495,507
3%
GD Lùfēng 545,474
3%
GZ Lùfēng 135,875
3%
AH Míngguāng 269,573
3%
JX Nánchéng 179,326
3%
GS Níngxiàn 108,778
3%
SD Pénglái 287,148
3%
SD Píngdù 519,957
3%
HE Píngshān 219,902
3%
SX Píngyáo 216,298
3%
LN Pŭlándiàn 372,864
3%
HB Qiánjiāng 494,334
3%
CQ Qiánjiāng 288,462
3%
HA Qìnyáng 279,809
3%
SD Rŭshān 252,895
3%
HA Rŭzhōu 466,464
3%
HB Shāyáng 184,893
3%
ZJ Shèngzhōu 386,087
3%
JS Shèyáng 452,678
3%
FJ Shíshī 589,902
3%
SD Shòuguāng 728,588
3%
HU Táoyuán 346,040
3%
GZ Téngchōng 238,974
3%
GZ Wénshān 424,760
3%
HE Wŭ'ān 453,442
3%
GD Wúchuān 388,714
3%
GZ Wùchuān 168,349
3%
CQ Wūshān 200,671
3%
GS Wŭshān 130,600
3%
HA Wŭzhì 319,494
3%
HB Xiāntáo 752,155
3%
JS Xīnghuà 649,849
3%
SD Xīntài 774,715
3%
GD Yángchūn 360,359
3%
HB Yíchéng 244,410
3%
SX Yìchéng 112,644
3%
GD Yùnán 160,255
3%
JL Yúshù 253,344
3%
HE Zhuōzhōu 395,792
3%
ZJ Ānjí 355,179
2%
GZ Ānníng 399,779
2%
SD Ānqiū 458,893
2%
XJ Artux 105,855
2%
HL Bĕi'ān 213,850
2%
GX Bĕiliú 573,761
2%
LN Bĕipiào 190,315
2%
JS Bīnhăi 458,804
2%
CQ Bìshān 535,680
2%
HE Bótóu 264,187
2%
HI Chāngjiāng 140,954
2%
SD Chānglè 335,877
2%
HE Chānglí 227,270
2%
HU Chángníng 399,286
2%
SC Chángníng 161,171
2%
GZ Chāngníng 105,510
2%
CQ Chángshòu 484,331
2%
SD Chāngyì 314,094
2%
AH Cháohú 492,952
2%
JS Dàfēng 399,497
2%
LN Dàshíqiáo 309,066
2%
SC Dàyì 259,291
2%
HA Dēngfēng 426,744
2%
LN Dōnggăng 357,229
2%
HE Dōngguāng 170,863
2%
JS Dōngtái 524,562
2%
GX Dōngxīng 155,538
2%
AH Féixī 612,477
2%
CQ Fēngdū 274,294
2%
ZJ Fènghuà 346,612
2%
HU Fènghuáng 148,170
2%
FJ Fú'ān 397,068
2%
FJ Fúdĭng 351,341
2%
JS Fùníng 465,096
2%
GZ Fùníng 107,241
2%
JL Fúyú 124,874
2%
HL Fùyù 102,726
2%
LN Gàizhōu 228,059
2%
JX Gāo'ān 413,419
2%
JS Gāochún 242,597
2%
HE Gāoyáng 148,172
2%
JS Gāoyóu 422,816
2%
HA Gŏngyì 511,241
2%
AH Guăngdé 314,649
2%
JX Guìxī 294,025
2%
SC Gŭlìn 212,656
2%
GD Hăifēng 537,278
2%
HL Hăilín 180,669
2%
SN Hánchéng 268,583
2%
SN Hànyīn 105,704
2%
HE Héjiān 296,820
2%
SX Héjīn 225,809
2%
SD Hékǒu 190,141
2%
SN Héyáng 165,973
2%
HB Hónghú 304,073
2%
HU Hóngjiāng 187,504
2%
SX Hòumă 175,373
2%
SX Huáirén 247,612
2%
HE Huánghuá 465,826
2%
SN Huáyīn 109,472
2%
GD Huìdōng 640,377
2%
SC Huìdōng 141,625
2%
HA Huīxiàn 429,057
2%
JL Húnchūn 189,760
2%
SX Huòzhōu 183,575
2%
CQ Jiāngjīn 817,888
2%
ZJ Jiāngshān 289,269
2%
FJ Jiànōu 226,100
2%
AH Jièshŏu 308,493
2%
HB Jīngshān 272,963
2%
GX Jìngxī 150,456
2%
JS Jīntán 385,034
2%
JX Jīnxī 122,373
2%
HU Jíshŏu 319,566
2%
HL Jíxián 119,384
2%
GZ Kăilĭ 519,243
2%
LN Kāiyuán 257,822
2%
GZ Kāiyuăn 227,231
2%
XJ Kargilik 139,558
2%
SC Lángzhōng 303,044
2%
SD Lánlíng 442,619
2%
ZJ Lánxī 318,165
2%
HB Lăohékŏu 241,431
2%
HU Lĕiyáng 529,641
2%
SD Liángshān 308,731
2%
GD Liánjiāng 443,812
2%
FJ Liánjiāng 323,972
2%
HU Liányuán 310,829
2%
HB Lìchuān 337,946
2%
JX Líchuān 122,655
2%
HU Lĭlíng 566,537
2%
LN Línghăi 167,909
2%
HI Língshuĭ 158,159
2%
ZJ Línhăi 551,458
2%
SD Línqīng 436,304
2%
SD Línshù 342,722
2%
ZJ Lónggǎng 450,286
2%
FJ Lónghăi 584,371
2%
GD Lóngmén 146,193
2%
ZJ Lóngquán 165,567
2%
GS Lŏngxī 219,132
2%
GD Lùhé 133,178
2%
GD Luódìng 317,060
2%
HB Máchéng 435,076
2%
HA Mèngzhōu 190,965
2%
GZ Mĕngzì 430,355
2%
SC Miánzhú 232,761
2%
GZ Mílè 287,637
2%
HL Mìshān 186,287
2%
HE Nángōng 183,450
2%
GD Nánxióng 171,215
2%
HL Nèhé 193,396
2%
HL Nènjiāng 223,587
2%
HL Níng'ān 123,311
2%
ZJ Nínghăi 437,960
2%
HU Níngxiāng 759,080
2%
SD Níngyáng 340,612
2%
GZ Pánzhōu 420,894
2%
ZJ Pínghú 449,636
2%
FJ Píngtán 207,444
2%
SD Píngyīn 173,298
2%
JX Póyáng 482,376
2%
HE Qiān'ān 466,210
2%
GZ Qiánxī 340,348
2%
HE Qiānxī 200,036
2%
SD Qīxiá 179,396
2%
HE Rènqiū 458,878
2%
CQ Róngchāng 400,527
2%
JX Ruìjīn 306,358
2%
HE Sānhé 760,107
2%
HE Shāhé 265,977
2%
HL Shàngzhì 246,880
2%
SN Shānyáng 172,999
2%
SX Shānyīn 110,109
2%
HU Shàodōng 590,331
2%
SC Shèhóng 442,852
2%
SN Shénmù 403,133
2%
SC Shífāng 223,320
2%
CQ Shízhù 225,190
2%
JS Shùyáng 986,247
2%
GD Sìhuì 452,536
2%
HL Suífēnhé 111,455
2%
AH Suīxī 433,211
2%
GD Suìxī 289,536
2%
AH Tiāncháng 433,085
2%
AH Tóngchéng 398,423
2%
HB Tōngchéng 199,634
2%
SC Tōngjiāng 203,337
2%
HL Tóngjiāng 112,222
2%
ZJ Tóngxiāng 690,641
2%
XJ Túmùshūkè 128,056
2%
XJ Usu 156,437
2%
SD Wŭchéng 192,523
2%
HL Wŭdàliánchí 135,828
2%
HU Wŭgāng 316,994
2%
HA Wŭgāng 173,152
2%
CQ Wŭlóng 175,838
2%
HA Wŭyáng 192,930
2%
FJ Wŭyíshān 159,308
2%
HA Xiàngchéng 493,654
2%
HA Xiāngchéng 287,233
2%
HE Xiānghé 330,665
2%
ZJ Xiàngshān 348,453
2%
HU Xiāngxiāng 361,924
2%
GX Xiàngzhōu 115,461
2%
HA Xīn'ān 264,091
2%
LN Xīngchéng 219,545
2%
GD Xīngníng 365,661
2%
GZ Xīngyì 649,497
2%
HU Xīnhuà 359,490
2%
HA Xīnmì 529,272
2%
LN Xīnmín 218,041
2%
GD Xīnxīng 185,930
2%
HA Xīnzhèng 787,544
2%
HE Xióngxiàn 235,236
2%
HA Xīxiá 243,180
2%
GZ Xuānwēi 691,922
2%
NM Yákèshí 239,742
2%
SX Yángchéng 175,023
2%
GD Yángshān 154,401
2%
GD Yángxī 189,866
2%
JS Yángzhōng 221,434
2%
JX Yánshān 218,838
2%
HL Yī'ān 104,985
2%
HA Yīchuān 389,489
2%
HB Yídū 208,903
2%
GD Yīngdé 398,066
2%
JS Yízhēng 356,995
2%
FJ Yŏng'ān 248,425
2%
HA Yŏngchéng 644,718
2%
HU Yuánjiāng 278,146
2%
HA Yúchéng 411,655
2%
SD Yŭchéng 243,123
2%
ZJ Yuèqīng 949,585
2%
ZJ Yùhuán 468,554
2%
CQ Yúnyáng 491,309
2%
HB Yúnyáng 190,459
2%
HE Yùtián 296,238
2%
HB Zăoyáng 481,004
2%
NM Zhālántún 174,049
2%
FJ Zhāngpíng 147,462
2%
HL Zhàodōng 312,289
2%
SD Zhāoyuăn 316,468
2%
HL Zhàoyuán 141,326
2%
HL Zhàozhōu 108,439
2%
HB Zhījiāng 243,784
2%
HU Zhĭjiāng 144,538
2%
CQ Zhōngxiàn 348,004
2%
HB Zhōngxiáng 439,394
2%
LN Zhuānghé 348,028
2%
HL Āchéng 322,530
1%
HE Ānguó 189,925
1%
HU Ānhuà 270,402
1%
HB Ānlù 280,695
1%
HU Ānxiāng 179,923
1%
HE Ānxīn 186,713
1%
JX Ānyì 133,067
1%
JX Ānyuăn 160,257
1%
NM Āróng 124,589
1%
HB Bādōng 158,088
1%
HL Băoqīng 156,506
1%
JS Băoyīng 391,839
1%
LN Bàyúquān 434,542
1%
HA Bìyáng 316,424
1%
GX Bóbái 599,279
1%
HL Bólì 106,061
1%
GD Bóluó 712,593
1%
HE Bóyĕ 113,588
1%
SC Cāngxī 168,843
1%
HE Cáofēidiàn 301,242
1%
SD Cáoxiàn 595,392
1%
GX Cénxī 397,639
1%
HU Chálíng 255,958
1%
HA Chánggĕ 396,741
1%
ZJ Chángshān 127,705
1%
FJ Chángtài 135,414
1%
FJ Chángtīng 212,617
1%
ZJ Chángxīng 430,311
1%
HA Chángyuán 521,702
1%
SN Chéngchéng 138,571
1%
SN Chénggù 208,768
1%
HI Chéngmài 300,915
1%
GS Chéngxiàn 121,129
1%
HE Chìchéng 100,137
1%
GZ Chìshuĭ 138,699
1%
HB Chóngyáng 212,269
1%
ZJ Chún'ān 153,611
1%
HE Cíxiàn 235,811
1%
GD Dàbŭ 154,719
1%
HE Dàchăng 109,011
1%
HE Dàchéng 215,121
1%
ZJ Dàishān 142,851
1%
HE Dàmíng 317,877
1%
HB Dāngyáng 224,057
1%
HB Dānjiāngkŏu 260,570
1%
HU Dàoxiàn 298,236
1%
HB Dàwù 238,832
1%
HB Dàyĕ 529,170
1%
JX Dàyú 142,268
1%
SC Dàzhú 383,959
1%
FJ Déhuà 259,496
1%
JL Déhuì 202,988
1%
LN Dēngtă 185,623
1%
ZJ Déqīng 341,128
1%
JX Déxīng 183,621
1%
CQ Diànjiāng 320,460
1%
LN Diàobīngshān 179,480
1%
HI Dìng'ān 115,856
1%
SN Dìngbiān 170,084
1%
HE Dìngxīng 230,023
1%
HU Dōng'ān 197,806
1%
GZ Dōngchuān 160,192
1%
SD Dōngmíng 427,452
1%
XJ Dörbiljin 119,464
1%
GX Dū'ān 245,021
1%
GZ Dūyún 348,954
1%
NM Èwēnkèzú 108,893
1%
HB Fángxiàn 164,660
1%
SD Féichéng 600,866
1%
AH Féidōng 601,520
1%
SD Fèixiàn 387,467
1%
CQ Fèngjié 368,869
1%
GD Fēngkāi 124,170
1%
GD Fēngshùn 254,264
1%
SN Fèngxiáng 168,795
1%
AH Fèngyáng 315,375
1%
NM Fēngzhèn 122,193
1%
SX Fényáng 207,473
1%
GD Fógāng 136,789
1%
HE Fùchéng 128,454
1%
SN Fŭgŭ 170,867
1%
XJ Fùkāng 125,080
1%
GZ Fúquán 153,763
1%
GZ Fùyuán 166,806
1%
GS Gāngŭ 183,768
1%
JS Gànyú 569,229
1%
SX Gāopíng 243,544
1%
SD Gāotáng 241,410
1%
GZ Gèjiù 310,521
1%
HB Gōng'ān 337,206
1%
JX Gòngqīngchéng 143,451
1%
SC Gŏngxiàn 177,778
1%
JL Gōngzhŭlĭng 384,715
1%
GZ Guăngnán 212,334
1%
GD Guăngníng 164,249
1%
SD Guăngráo 320,308
1%
HA Guāngshān 249,694
1%
HB Guăngshuĭ 387,070
1%
JS Guànnán 323,820
1%
HE Guăntáo 157,033
1%
JS Guànyún 358,508
1%
HB Gŭchéng 255,128
1%
HE Gùchéng 207,499
1%
SX Gŭjiāo 159,593
1%
HA Gùshĭ 465,901
1%
FJ Gŭtián 160,506
1%
HL Hăilún 164,766
1%
NX Hăiyuán 117,462
1%
HB Hànchuān 547,969
1%
NM Hángjĭn Hòu 114,058
1%
AH Hánshān 187,909
1%
SC Hànyuán 122,577
1%
LN Hēishān 177,115
1%
SC Héjiāng 288,189
1%
HU Héngshān 158,223
1%
SN Héngshān 155,501
1%
GX Héngxiàn 372,273
1%
GD Hépíng 115,301
1%
GX Hépŭ 305,822
1%
SC Hóngyă 134,025
1%
JL Huàdiàn 184,810
1%
HA Huáibīn 234,516
1%
GD Huáijí 221,882
1%
HE Huáilái 211,641
1%
HA Huáiyáng 339,754
1%
AH Huáiyuăn 347,234
1%
HL Huànán 114,107
1%
LN Huánrén 105,886
1%
GS Huánxiàn 110,333
1%
GS Huátíng 110,695
1%
SC Huáyíng 145,959
1%
GD Huìlái 437,430
1%
SC Huìlĭ 176,562
1%
JL Huīnán 123,574
1%
GS Huìníng 141,900
1%
JX Húkŏu 124,172
1%
XJ Huòchéng 102,885
1%
NM Huòlínguōlè 130,239
1%
XJ Hūtúbì 126,662
1%
QH Hùzhù 122,069
1%
HL Jiāgédáqí 133,790
1%
HU Jiāhé 168,964
1%
SC Jiājiāng 143,741
1%
LN Jiànchāng 126,184
1%
ZJ Jiàndé 233,658
1%
SC Jiāng'ān 201,779
1%
SC Jiàngé 159,689
1%
HB Jiānglíng 275,710
1%
JS Jiànhú 378,759
1%
HB Jiānlì 491,011
1%
GZ Jiànshuĭ 271,874
1%
JL Jiāohé 168,313
1%
GD Jiāolĭng 101,777
1%
ZJ Jiāshàn 473,639
1%
XJ Jiāshī 142,535
1%
HA Jiáxiàn 197,410
1%
SX Jièxiū 291,393
1%
SN Jìngbiān 252,595
1%
GS Jìngníng 112,976
1%
GS Jĭngtài 111,860
1%
HE Jĭngxiàn 217,383
1%
AH Jīngxiàn 145,568
1%
SC Jĭngyán 114,234
1%
GS Jìngyuăn 147,185
1%
GZ Jīnshā 274,114
1%
HU Jīnshì 137,979
1%
SC Jīntáng 419,000
1%
JX Jìnxián 315,258
1%
SD Jīnxiāng 382,212
1%
SX Jìshān 124,829
1%
HE Jùlù 142,982
1%
SD Jŭnán 345,704
1%
SD Jŭxiàn 452,756
1%
SD Jùyĕ 442,277
1%
NM Kāilŭ 123,077
1%
NM Kālăqìn 107,771
1%
HE Kuānchéng 140,890
1%
LN Kuāndiàn 148,338
1%
XJ Künes 164,797
1%
HB Láifèng 129,303
1%
HE Láiyuán 162,973
1%
AH Lángxī 197,399
1%
HU Lánshān 171,657
1%
SN Lántián 168,019
1%
HE Làotíng 240,945
1%
GD Lèchāng 199,438
1%
HI Lèdōng 145,063
1%
SD Lèlíng 208,689
1%
HU Lĕngshuĭjiāng 260,400
1%
JX Lèpíng 336,173
1%
SC Lèzhì 199,057
1%
FJ Liánchéng 124,550
1%
CQ Liángpíng 323,483
1%
GD Liánpíng 105,906
1%
JS Liánshuĭ 465,057
1%
LN Liáozhōng 202,962
1%
HI Língāo 210,779
1%
HA Língbăo 279,168
1%
SD Língchéng 240,137
1%
NX Língwŭ 200,920
1%
LN Língyuán 247,488
1%
HU Línlĭ 167,210
1%
SD Línqú 443,653
1%
SC Línshuĭ 299,055
1%
SX Línxiàn 133,412
1%
HU Línxiāng 253,804
1%
HE Línzhāng 290,955
1%
GX Lìpŭ 146,753
1%
JL Liŭhé 102,743
1%
HU Lĭxiàn 430,517
1%
HE Lĭxiàn 231,467
1%
GS Lĭxiàn 128,219
1%
AH Lìxīn 444,796
1%
SC Lóngchāng 275,419
1%
GD Lóngchuān 197,714
1%
HE Lónghuà 138,768
1%
HL Lóngjiāng 125,179
1%
HU Lóngshān 241,740
1%
ZJ Lóngyóu 185,813
1%
HE Luánnán 237,640
1%
HE Luánpíng 129,894
1%
HE Luánzhōu 278,807
1%
AH Lújiāng 475,100
1%
HL Luóbĕi 145,075
1%
GX Luóchéng 122,161
1%
HA Luóshān 219,624
1%
FJ Luóyuán 182,607
1%
HA Lúshì 138,395
1%
GZ Lúshuĭ 148,759
1%
GZ Lúxī 143,256
1%
JX Lúxī 137,738
1%
HU Lúxī 106,027
1%
SC Lúxiàn 315,076
1%
HA Lùyì 368,713
1%
GZ Măguān 109,507
1%
XJ Manas 125,419
1%
HU Máyáng 147,618
1%
JL Méihékŏu 291,138
1%
SN Méixiàn 107,803
1%
GZ Mĕnglà 131,985
1%
SD Mĕngyīn 223,178
1%
SC Miănníng 144,474
1%
HU Mìluó 279,560
1%
QH Mínhé 131,715
1%
FJ Mĭnhòu 593,963
1%
FJ Mĭnqīng 112,260
1%
XJ Mòyù 109,787
1%
NM Nàimàn 131,429
1%
CQ Nánchuān 348,987
1%
GX Nándān 138,640
1%
SC Nánjiāng 177,443
1%
AH Nánlíng 232,557
1%
HU Nánxiàn 275,041
1%
HA Nánzhào 230,233
1%
AH Níngguó 272,705
1%
HE Níngjìn 342,341
1%
SD Níngjīn 263,589
1%
JL Pánshí 163,592
1%
JS Pèixiàn 596,272
1%
CQ Péngshuĭ 256,007
1%
SC Píngchāng 263,361
1%
GX Píngguŏ 277,500
1%
FJ Pínghé 215,480
1%
HU Píngjiāng 505,076
1%
GX Píngnán 584,474
1%
HE Píngquán 228,261
1%
ZJ Píngyáng 532,286
1%
SD Píngyì 423,736
1%
HA Píngyú 311,620
1%
SD Píngyuán 173,175
1%
SN Púchéng 290,039
1%
FJ Pŭchéng 143,301
1%
ZJ Pŭjiāng 209,274
1%
SC Pújiāng 121,044
1%
AH Qiánshān 238,099
1%
HB Qíchūn 304,208
1%
SD Qíhé 317,019
1%
CQ Qíjiāng 500,510
1%
GS Qín'ān 140,593
1%
HL Qìng'ān 104,230
1%
HA Qīngfēng 196,789
1%
HL Qīnggāng 103,214
1%
HE Qīnghé 254,224
1%
ZJ Qīngtián 270,319
1%
NX Qīngtóngxiá 142,349
1%
HE Qīngxiàn 226,363
1%
SX Qīngxú 145,895
1%
SD Qìngyún 149,274
1%
GZ Qīngzhèn 350,665
1%
SC Qiónglái 322,777
1%
SN Qíshān 177,127
1%
HU Qíyáng 308,968
1%
SC Qúxiàn 384,700
1%
HE Qŭyáng 235,213
1%
GD Ráopíng 394,636
1%
GZ Rénhuái 361,723
1%
SC Rénshòu 472,472
1%
GX Róngxiàn 277,620
1%
SC Róngxiàn 204,961
1%
JS Rúdōng 512,131
1%
JX Ruìchāng 246,592
1%
HA Rŭnán 225,114
1%
HA Rŭyáng 200,694
1%
SN Sānyuán 193,269
1%
FJ Shàngháng 193,718
1%
SD Shānghé 177,107
1%
SD Shànxiàn 509,945
1%
FJ Shàowŭ 217,836
1%
XJ Shāwān 150,317
1%
FJ Shāxiàn 176,226
1%
SD Shēnxiàn 366,773
1%
HE Shèxiàn 239,933
1%
AH Shèxiàn 161,253
1%
GZ Shílín 107,107
1%
HU Shímén 265,734
1%
HB Shíshŏu 240,082
1%
HL Shuāngchéng 239,931
1%
JL Shuāngliáo 146,716
1%
JL Shūlán 176,692
1%
SD Sìshuĭ 237,604
1%
JS Sìyáng 510,517
1%
HB Sōngzī 306,049
1%
GZ Suíyáng 172,541
1%
SX Tàigŭ 184,347
1%
SD Tánchéng 326,202
1%
HA Tánghé 479,917
1%
HE Tángxiàn 191,066
1%
HA Tāngyīn 234,400
1%
JL Táonán 115,946
1%
ZJ Tiāntái 251,383
1%
GX Tiányáng 176,467
1%
GZ Tiānzhù 115,893
1%
HL Tōnghé 104,952
1%
CQ Tóngliáng 423,008
1%
ZJ Tónglú 318,780
1%
CQ Tóngnán 401,323
1%
HB Tōngshān 173,289
1%
NX Tóngxīn 140,077
1%
HI Túnchāng 114,523
1%
JX Wàn'ān 111,770
1%
SC Wànyuán 172,148
1%
HE Wéichăng 174,027
1%
HA Wèihuī 227,143
1%
GZ Wēiníng 463,564
1%
SD Wēishān 324,656
1%
GZ Wēishān 118,687
1%
HE Wèixiàn 357,500
1%
HE Wēixiàn 194,464
1%
GZ Wēixìn 144,760
1%
SC Wēiyuăn 278,052
1%
HE Wén'ān 266,761
1%
ZJ Wénchéng 125,062
1%
SX Wénxĭ 149,638
1%
SD Wúdì 279,833
1%
AH Wŭhé 233,023
1%
GD Wŭhuá 331,583
1%
XJ Wŭjiāqú 118,893
1%
SD Wŭlián 214,732
1%
GX Wŭmíng 356,820
1%
JX Wŭníng 163,506
1%
FJ Wŭpíng 147,995
1%
HB Wŭxué 379,040
1%
JX Wùyuán 163,900
1%
NM Wŭyuán 112,379
1%
SD Xiàjīn 180,955
1%
SX Xiāngfén 160,963
1%
JS Xiăngshuĭ 268,785
1%
HE Xiànxiàn 203,715
1%
FJ Xiānyóu 473,860
1%
SX Xiàoyì 337,489
1%
FJ Xiápŭ 289,598
1%
GZ Xīfēng 104,498
1%
ZJ Xīnchāng 261,282
1%
GX Xīnchéng 110,567
1%
JX Xìnfēng 350,502
1%
GD Xīnfēng 102,680
1%
JX Xīngān 140,831
1%
GX Xīng'ān 117,537
1%
HE Xīnglóng 135,924
1%
SN Xīngpíng 309,463
1%
HE Xíngtáng 135,039
1%
HE Xīnlè 281,458
1%
HA Xīnyĕ 273,782
1%
HB Xīshuĭ 256,925
1%
GZ Xíshuĭ 247,219
1%
CQ Xiùshān 224,955
1%
LN Xiùyán 175,582
1%
HA Xīxiàn 249,958
1%
SN Xīxiāng 123,977
1%
SN Xúnyáng 172,313
1%
HE Xúshuĭ 287,983
1%
GD Xúwén 238,402
1%
JS Xūyí 374,436
1%
SC Xùyŏng 193,064
1%
SD Yánggŭ 318,516
1%
SN Yángxiàn 149,896
1%
HB Yángxīn 403,473
1%
SD Yángxìn 186,938
1%
HA Yánjīn 173,088
1%
GZ Yánjīn 102,392
1%
BJ Yánqìng 205,689
1%
GZ Yànshān 227,250
1%
HE Yánshān 190,096
1%
HA Yănshī 352,621
1%
NM Yījīnhuòluò 187,774
1%
HL Yīlán 113,401
1%
SC Yílŏng 262,911
1%
HA Yìmă 131,745
1%
SD Yínán 390,976
1%
HB Yīngchéng 304,741
1%
GZ Yíngjiāng 105,367
1%
SC Yíngshān 273,674
1%
HB Yīngshān 122,928
1%
GZ Yìnjiāng 121,416
1%
SD Yíshuĭ 439,908
1%
HE Yìxiàn 199,500
1%
GS Yŏngchāng 101,084
1%
CQ Yŏngchuān 803,458
1%
FJ Yŏngchūn 258,934
1%
FJ Yŏngdìng 163,947
1%
SX Yŏngjì 182,248
1%
FJ Yŏngtài 121,768
1%
CQ Yŏuyáng 256,260
1%
HU Yuánlíng 212,592
1%
SX Yuánpíng 227,046
1%
HE Yuánshì 188,316
1%
HA Yuányáng 298,570
1%
HB Yúnxī 151,455
1%
GZ Yúnxiàn 129,255
1%
JX Yùshān 305,770
1%
SD Yútái 181,059
1%
HE Yùxiàn 215,790
1%
SX Yúxiàn 135,971
1%
GS Yúzhōng 233,289
1%
HE Zăoqiáng 200,423
1%
HE Zhāngbĕi 227,285
1%
FJ Zhāngpŭ 466,953
1%
JX Zhāngshù 271,341
1%
FJ Zhào'ān 255,173
1%
HE Zhàoxiàn 200,524
1%
HE Zhèngdìng 355,785
1%
HA Zhèngyáng 231,850
1%
GZ Zhènxióng 380,958
1%
SC Zhōngjiāng 392,548
1%
HE Zhuōlù 138,859
1%
HB Zhúshān 142,969
1%
HB Zhúxī 122,558
1%
SN Zicháng 135,474
1%
GD Zĭjīn 207,394
1%
HU Zīxīng 213,615
1%
SD Zōupíng 529,857
1%
HE Zūnhuà 392,821
1%
NM Ālŭkē'ĕrqìn 107,140
0%
JX Ānfú 146,462
0%
GZ Ānlóng 151,747
0%
HU Ānrén 164,035
0%
JL Āntú 104,649
0%
SC Ānyuè 291,881
0%
NM Áohàn 144,417
0%
SN Báishuĭ 107,560
0%
NM Bālín Zuŏ 109,060
0%
HA Băofēng 231,994
0%
HU Băojìng 108,556
0%
HB Băokāng 102,160
0%
GZ Bīnchuān 105,589
0%
HL Bīnxiàn 162,735
0%
GX Bīnyáng 362,779
0%
HA Bó'ài 206,007
0%
SD Bóxīng 328,842
0%
HE Cāngxiàn 125,085
0%
AH Chángfēng 471,250
0%
JL Chánglĭng 125,129
0%
LN Chāngtú 259,006
0%
HE Chéng'ān 181,879
0%
SD Chéngwŭ 282,518
0%
HU Chénxī 164,808
0%
SD Chípíng 283,408
0%
JX Chóngrén 157,528
0%
HU Cílì 264,339
0%
GZ Dàfāng 323,897
0%
GX Dàhuà 134,949
0%
NM Dálātè 207,102
0%
HA Dānchéng 378,669
0%
SN Dānfèng 118,704
0%
AH Dàngshān 373,965
0%
AH Dāngtú 281,650
0%
GZ Dàozhēn 128,274
0%
FJ Dàtián 162,066
0%
SC Dàyīng 172,275
0%
GZ Déjiāng 184,746
0%
JX Dìngnán 132,171
0%
AH Dìngyuăn 303,835
0%
SD Dōng'ē 191,349
0%
JL Dōngfēng 112,665
0%
HU Dòngkŏu 326,549
0%
SD Dōngpíng 365,328
0%
JX Dōngxiāng 236,255
0%
AH Dōngzhì 221,424
0%
JX Dūchāng 241,667
0%
GZ Dúshān 126,745
0%
NM Èlúnchūn 128,919
0%
NM Ètuōkè 128,829
0%
LN Făkù 123,539
0%
AH Fánchāng 146,003
0%
SX Fánshì 127,149
0%
HA Fànxiàn 160,678
0%
HE Féixiāng 188,215
0%
GZ Fènggāng 144,414
0%
HE Fēngníng 148,332
0%
GZ Fèngqìng 106,946
0%
HA Fēngqiū 277,599
0%
AH Fèngtái 237,410
0%
JX Fèngxīn 161,938
0%
JX Fēnyí 167,834
0%
GX Fùchuān 113,719
0%
SN Fúfēng 108,297
0%
HA Fúgōu 223,014
0%
HL Fùlā'ĕrjī 170,169
0%
JX Fúliáng 175,595
0%
AH Fùnán 346,564
0%
JL Fŭsōng 185,588
0%
GX Fúsuí 192,689
0%
SD Gāoqīng 133,021
0%
SC Gāoxiàn 160,494
0%
HE Gāoyì 100,414
0%
JX Guăngchāng 115,941
0%
HE Guăngpíng 141,156
0%
HE Guăngzōng 102,448
0%
GZ Guānlĭng 105,448
0%
SD Guānxiàn 294,764
0%
GZ Guìdìng 130,913
0%
AH Gùzhèn 157,596
0%
HU Hànshòu 339,945
0%
NX Hèlán 222,070
0%
HU Héngdōng 207,921
0%
JX Héngfēng 105,647
0%
HU Héngnán 365,574
0%
AH Héxiàn 205,671
0%
GZ Hèzhāng 169,215
0%
HB Hóng'ān 242,775
0%
SX Hóngdòng 252,220
0%
JS Hóngzé 170,486
0%
AH Huáiníng 241,120
0%
HA Huángchuān 361,232
0%
HB Huángméi 370,480
0%
GX Huánjiāng 111,118
0%
SD Huántái 347,331
0%
HU Huáróng 291,161
0%
HA Huáxiàn 425,261
0%
JX Huìchāng 244,184
0%
SD Huìmín 192,755
0%
GZ Huìshuĭ 193,872
0%
HU Huìtóng 112,469
0%
GZ Huìzé 308,987
0%
SX Húnyuán 101,237
0%
HA Huòjiā 202,101
0%
AH Huòqiū 334,257
0%
AH Huòshān 198,342
0%
GZ Jiāngchuān 122,617
0%
HU Jiānghuá 160,935
0%
SX Jiàngxiàn 102,507
0%
LN Jiànpíng 196,344
0%
HB Jiànshĭ 173,194
0%
SX Jiāochéng 126,862
0%
SD Jiāxiáng 351,877
0%
HE Jĭngxíng 132,756
0%
SN Jīngyáng 144,717
0%
ZJ Jìnyún 230,304
0%
AH Jīnzhài 208,351
0%
JX Jíshuĭ 218,610
0%
JL Jiŭtái 224,442
0%
HE Jīzé 141,302
0%
SD Juànchéng 374,123
0%
SC Jūnlián 136,519
0%
ZJ Kāihuà 131,023
0%
SC Kāijiāng 180,354
0%
GZ Kāiyáng 186,254
0%
LN Kālăqìn Zuŏyì 139,707
0%
NM Kē'ĕrqìn Zuŏyì Hòu 106,278
0%
NM Kē'ĕrqìn Zuŏyì Zhōng 119,166
0%
AH Lái'ān 238,798
0%
HE Láishuĭ 163,459
0%
GZ Láncāng 102,933
0%
HA Lánkăo 364,379
0%
GS Lánzhōu Xīnqū 167,044
0%
QH Lèdū 125,048
0%
JX Liánhuā 106,275
0%
AH Língbì 354,086
0%
GX Língchuān 210,194
0%
GX Língshān 391,284
0%
SX Língshí 144,936
0%
HE Língshòu 142,289
0%
AH Línquán 505,006
0%
GS Líntáo 188,693
0%
HU Línwŭ 164,415
0%
HA Línyĭng 297,683
0%
GZ Lípíng 162,522
0%
SN Lĭquán 142,284
0%
GX Liŭchéng 151,595
0%
SX Liŭlín 140,139
0%
GZ Liùzhī 211,956
0%
GX Lóng'ān 110,307
0%
HU Lónghuí 426,265
0%
GZ Lónglĭ 127,891
0%
HE Lóngyáo 212,776
0%
HA Luánchuān 195,900
0%
GX Lùchuān 364,251
0%
GZ Lŭdiàn 157,168
0%
HE Lúlóng 123,352
0%
GZ Luódiàn 142,544
0%
SC Luójiāng 107,961
0%
SN Luònán 176,415
0%
HA Luòníng 154,575
0%
GZ Luópíng 210,951
0%
HB Luótián 209,804
0%
GZ Lùquàn 154,828
0%
GX Lùzhài 186,714
0%
GX Măshān 116,196
0%
GZ Méitán 188,220
0%
AH Mĕngchéng 480,168
0%
HE Mèngcūn 104,220
0%
GZ Mĕnghăi 122,048
0%
HA Mèngjīn 240,244
0%
HA Miănchí 166,528
0%
SN Miănxiàn 177,100
0%
HA Mínquán 307,299
0%
GS Mínxiàn 115,495
0%
SC Nánbù 367,146
0%
JX Nánfēng 144,505
0%
HA Nánlè 167,445
0%
HB Nánzhāng 211,310
0%
GZ Nàyōng 292,089
0%
HA Nèihuáng 182,078
0%
HE Nèiqiū 115,960
0%
HA Nèixiāng 265,290
0%
NM Níngchéng 153,827
0%
JX Níngdū 344,965
0%
FJ Nínghuà 126,219
0%
HA Nínglíng 230,906
0%
GX Níngmíng 106,750
0%
SN Níngqiáng 116,593
0%
HU Níngyuăn 328,055
0%
JL Nóng'ān 196,832
0%
SC Péng'ān 174,461
0%
SC Péngxī 168,158
0%
JX Péngzé 152,411
0%
GZ Píngbà 171,804
0%
GS Píngchuān 147,724
0%
GX Pínglè 101,187
0%
NX Píngluó 163,459
0%
GX Pŭbĕi 225,138
0%
GZ Pŭdìng 144,892
0%
JL Qiánguō'ĕr 160,878
0%
SC Qiánwéi 169,399
0%
SN Qiánxiàn 209,316
0%
GZ Qiăojiā 148,593
0%
HE Qīnglóng 135,890
0%
GZ Qiūbĕi 123,079
0%
HE Qiūxiàn 112,644
0%
HA Qĭxiàn 362,118
0%
HA Qíxiàn 152,504
0%
SX Qíxiàn 114,598
0%
AH Quánjiāo 256,177
0%
HA Quèshān 163,130
0%
GX Róng'ān 113,841
0%
GZ Róngjiāng 102,099
0%
GX Róngshuĭ 159,467
0%
HU Rŭchéng 158,902
0%
SX Ruìchéng 175,174
0%
GZ Sāndū 101,991
0%
HU Sāngzhí 154,962
0%
SC Sāntái 245,091
0%
HA Shàngcài 347,593
0%
HA Shāngchéng 184,718
0%
JX Shànggāo 200,846
0%
HA Shàngjiē 194,579
0%
JX Shànglì 245,922
0%
GX Shànglín 122,426
0%
HA Shāngshuĭ 383,034
0%
JX Shàngyóu 129,108
0%
HA Shĕnqiū 390,421
0%
HA Shèqí 237,977
0%
JX Shíchéng 135,954
0%
GZ Shípíng 111,857
0%
GZ Shíqiān 102,074
0%
GZ Shīzōng 170,829
0%
AH Shòuxiàn 359,700
0%
HU Shuāngfēng 277,740
0%
JL Shuāngyáng 159,392
0%
AH Shūchéng 319,456
0%
GZ Shuĭchéng 241,908
0%
HE Shùnpíng 109,612
0%
JS Sìhóng 525,208
0%
GZ Sīnán 189,270
0%
AH Sìxiàn 306,522
0%
GZ Sōngmíng 220,650
0%
GZ Sōngtáo 166,569
0%
HA Sōngxiàn 224,710
0%
ZJ Suìchāng 106,969
0%
JX Suìchuān 203,438
0%
SN Suídé 113,480
0%
HL Suílíng 142,759
0%
HA Suìpíng 194,549
0%
HA Suīxiàn 281,426
0%
HB Suíxiàn 250,226
0%
LN Suízhōng 223,005
0%
HE Sùníng 170,261
0%
AH Sùsōng 245,326
0%
AH Tàihé 614,876
0%
JX Tàihé 237,651
0%
AH Tàihú 176,506
0%
HA Táiqián 117,318
0%
ZJ Tàishùn 119,245
0%
HU Táojiāng 360,520
0%
GX Téngxiàn 380,903
0%
GX Tiándōng 155,950
0%
HA Tóngbǎi 199,493
0%
GZ Tōnghăi 160,858
0%
HA Tōngxŭ 222,665
0%
JL Tōngyú 113,347
0%
GZ Tóngzĭ 247,297
0%
HB Tuánfēng 108,531
0%
NM Tŭmòtè Yòu 116,238
0%
NM Tŭmòtè Zuŏ 105,947
0%
SX Túnliú 120,581
0%
SC Wàngcāng 143,920
0%
HE Wàngdū 122,493
0%
AH Wàngjiāng 160,313
0%
JL Wāngqīng 114,193
0%
JX Wànnián 171,912
0%
SX Wànróng 113,634
0%
CQ Wànshèng 187,007
0%
JX Wànzăi 249,318
0%
HA Wèishì 357,529
0%
GZ Wèng'ān 241,886
0%
NM Wēngniútè 127,237
0%
GD Wēngyuán 114,951
0%
SD Wènshàng 384,532
0%
SX Wénshuĭ 152,454
0%
HA Wēnxiàn 215,276
0%
AH Wōyáng 447,959
0%
SN Wŭgōng 122,083
0%
NM Wūlātè Qián 136,352
0%
SC Wŭshèng 208,632
0%
GX Wŭxuān 151,671
0%
HB Xiánfēng 138,079
0%
SX Xiāngyuán 139,555
0%
GZ Xiángyún 185,948
0%
ZJ Xiānjū 223,978
0%
HB Xiàochāng 223,866
0%
AH Xiāoxiàn 374,732
0%
HA Xiàyì 382,963
0%
SC Xīchōng 180,243
0%
HA Xīchuān 279,603
0%
HA Xīhuá 275,033
0%
HA Xīncài 278,585
0%
JX Xīngguó 319,517
0%
GZ Xīngrén 169,210
0%
SC Xīngwén 152,533
0%
GX Xīngyè 191,425
0%
GZ Xīnpíng 105,747
0%
HU Xīnshào 271,317
0%
HU Xīntián 167,638
0%
HA Xīpíng 270,448
0%
JX Xiūshuĭ 346,853
0%
GZ Xiūwén 131,379
0%
HA Xiūwŭ 133,105
0%
HB Xuān'ēn 109,931
0%
SC Xuānhàn 425,188
0%
GZ Xúndiàn 135,188
0%
JX Xúnwū 141,305
0%
HA Xùnxiàn 231,457
0%
HU Xùpŭ 207,405
0%
SN Yánglíng 169,254
0%
HE Yángyuán 115,758
0%
GZ Yánhé 171,066
0%
HA Yānlíng 245,851
0%
SC Yántíng 143,008
0%
SC Yányuán 110,149
0%
HA Yèxiàn 258,500
0%
JX Yífēng 154,832
0%
JX Yíhuáng 106,565
0%
GZ Yíliáng 210,672
0%
GZ Yíliáng 148,101
0%
AH Yĭngshàng 475,233
0%
JL Yītōng 110,229
0%
SD Yíyuán 263,000
0%
HU Yízhāng 291,781
0%
GS Yŏngdēng 138,883
0%
JX Yŏngfēng 189,336
0%
ZJ Yŏngjiā 482,975
0%
NX Yŏngníng 207,698
0%
HE Yŏngqīng 176,869
0%
GZ Yŏngshàn 136,660
0%
GZ Yŏngshèng 106,881
0%
HU Yŏngshùn 199,085
0%
JX Yŏngxīn 202,566
0%
HU Yŏngxīng 290,574
0%
JX Yŏngxiū 187,887
0%
FJ Yóuxī 166,631
0%
HU Yōuxiàn 358,748
0%
SX Yuánqŭ 111,679
0%
JX Yúdū 396,118
0%
SC Yuèchí 295,562
0%
JX Yúgān 380,261
0%
JX Yújiāng 172,834
0%
HB Yúnmèng 243,691
0%
FJ Yúnxiāo 223,883
0%
GZ Yúqìng 106,030
0%
SX Zézhōu 197,435
0%
NM Zhālàitè 141,147
0%
NM Zhālŭtè 118,424
0%
LN Zhāngwŭ 126,979
0%
SX Zhǎngzǐ 104,466
0%
SD Zhānhuà 178,596
0%
GX Zhāopíng 159,706
0%
HA Zhèchéng 320,115
0%
SN Zhèn'ān 121,876
0%
GZ Zhēnfēng 117,914
0%
GZ Zhèng'ān 167,211
0%
JL Zhènlài 105,997
0%
GZ Zhènníng 114,644
0%
HA Zhènpíng 379,965
0%
GS Zhènyuán 104,689
0%
GZ Zhījīn 347,931
0%
HU Zhōngfāng 101,655
0%
HA Zhōngmóu 544,564
0%
NX Zhōngníng 163,702
0%
SN Zhōuzhì 162,351
0%
NM Zhŭngé'ĕr 250,568
0%
HB Zĭguī 123,233
0%
SC Zīzhōng 335,392
0%
AH Zōngyáng 241,942
0%
No matching quizzes found
Score Distribution
Percent of People with Each Score
Percentile by Number Answered
Your Score History
You have not taken this quiz since the last reset